• 首页
  • 本馆介绍
  • 公告通知
  • 最新文献
  • 馆藏检索
  • 电子资源
  • 读者导购
  • 参考咨询
  • 我的图书馆
  • 登录
  • 详细信息显示
  • 放入我的书架
  • 预约/预借图书
  • 作者相关作品
  • 分类相关作品
  • 丛书相关作品
  • 出版社相关作品

书目信息

  • 表格格式
  • 工作单格式
  • 卡片格式
题名:
滨州宣传年鉴 2009
    
 
作者: 吕德章 主编
分册:  
出版信息: 滨州    2009
页数: 199页
开本: 26cm
丛书名:
单 册:
中图分类: D , D412.65--54
科图分类:
主题词: 工人运动 , 工人群众组织
电子资源:
ISBN:
000 00590nam0 2200217 450
001 1252837469
005 20120412144507.90
010    @b精装@dCNY50.00
100    @a20120412d2009 km y0chiy0120 ea
101 0  @achi
102    @aCN@b110000
200 1  @a滨州宣传年鉴 2009@Abin zhou xuan chuan nian jian 2009@f吕德章主编@Flu de zhang zhu bian
210    @a滨州@d2009
215    @a199页@d26cm
606 0  @a工人运动
606 0  @a工人群众组织
690    @aD@v4
690    @aD412.65--54@v5
701  0 @a吕德章@Alu de zhang@4主编
801  0 @aCN@bNISOFT@c20120412
905    @aBZT@dD412.65--54@e1
    
    滨州宣传年鉴 2009/吕德章主编.-滨州,2009
    199页;26cm
    
    
    ISBN (精装):CNY50.00
    
●
相关链接 在五车中查询图书 在当当中查询图书 在豆瓣中查询图书


正题名:滨州宣传年鉴 2009     索取号:D412.65--54/1         预约/预借

序号 登录号 条形码 馆藏地/架位号 状态 备注
1 795937   2000795937   样本书库/样007架A面4层3列/ [索取号:D412.65--54/1] 在馆    
山东省滨州职业学院图书馆 欢迎您!
大连网信软件有限公司© 版权所有